| 000 | 00753nam a2200205Ia 4500 | ||
|---|---|---|---|
| 001 | 3486 | ||
| 003 | GE_BSU | ||
| 008 | 181216s||||||||xx |||||||||||||| ||und|| | ||
| 040 | _cGE_BSU | ||
| 080 | _a62(035) | ||
| 100 | _aშარაშენიძე,კლ. კუჭაიძე,მ. ტურაშვილი,ი და სხვ. | ||
| 245 | _aტექნიკოსის ცნობარი. | ||
| 245 | _cრედ.ე.ვაშაკიძე, პ.ზერაგია, ი.არევაძე და სხვ. | ||
| 260 | _aთბ. | ||
| 260 | _bტექნიკა და შრომა. | ||
| 260 | _c1950. | ||
| 300 | _a616გვ;21სმ. | ||
| 653 | _aტექნიკოსის ცნობარი. | ||
| 942 | _cBK | ||
| 999 |
_c37522 _d37522 |
||